000 00682nam a2200289Ia 4500
005 20260324144307.0
008 008 260324s9999 xx 000 0 eng d
020 _a9781315849164
037 _aEBOOK
040 _aCRL
040 _beng
040 _cCRL
041 _2eng
041 _aeng
084 _qCRL
100 _aMichael Clark
_91169625
245 0 _aJacques Lacan (Volume II) (RLE: Lacan)
245 3 _bAn Annotated Bibliography
260 _bTaylor and Francis
260 _c1988
365 _a
365 _b180
856 _uhttp://www.taylorfrancis.com/books/9781315849164
942 _cEBOOK
999 _c1825236
_d1825236